[Event "Split op 12th"]
[Site "Split"]
[Date "2023.08.13"]
[Round "9"]
[White "Jurakic, Lukas"]
[Black "Kopylov, Daniel"]
[Result "1/2-1/2"]
[WhiteElo "2184"]
[BlackElo "2342"]
[PlyCount "95"]
[EventDate "2023.08.05"]
[EventType "swiss"]
[EventRounds "9"]
[EventCountry "CRO"]
[SourceTitle "CBM 215 Extra"]
[Source "ChessBase"]
[SourceDate "2023.09.30"]
[SourceVersion "1"]
[SourceVersionDate "2023.09.30"]
[SourceQuality "1"]

1. e4 e5 2. Nf3 Nf6 3. Nxe5 d6 4. Nf3 Nxe4 5. d4 d5 6. Bd3 Nc6 7. 0-0 Be7 8. Nbd2 Nxd2 9. Bxd2 Bg4 10. c3 0-0 11. h3 Bh5 12. g3 Bd6 13. Re1 Bg6 14. Qc2 Qd7 15. Kg2 Ne7 16. Nh4 Bxd3 17. Qxd3 Rae8 18. Re2 Nc8 19. Rae1 c6 20. Qf5 Qxf5 21. Nxf5 Rxe2 22. Rxe2 f6 23. b3 Kf7 24. h4 h5 25. c4 dxc4 26. bxc4 Rd8 27. Bc3 Bf8 28. Ne3 Nb6 29. Kf3 g6 30. Rb2 Rd7 31. Rb3 Ke6 32. Ke2 f5 33. Rb1 Kf7 34. Rd1 Bh6 35. Kd3 Na4 36. Ba1 Nc5+ 37. Ke2 Bxe3 38. Kxe3 Re7+ 39. Kf3 Na4 40. d5 Rd7 41. Bd4 cxd5 42. c5 b6 43. c6 Rc7 44. Rc1 Ke6 45. Re1+ Kf7 46. Rc1 Ke6 47. Re1+ Kf7 48. Rc1 1/2-1/2

[Event "Szolnok Agora op 2nd"]
[Site "Szolnok"]
[Date "2023.07.02"]
[Round "7"]
[White "Jurakic, Lukas"]
[Black "Karman, Gergely"]
[Result "1-0"]
[WhiteElo "2188"]
[BlackElo "1587"]
[PlyCount "71"]
[EventDate "2023.06.29"]
[EventType "swiss"]
[EventRounds "7"]
[EventCountry "HUN"]
[SourceTitle "EXT 2024"]
[Source "ChessBase"]
[SourceDate "2023.10.10"]
[SourceVersion "1"]
[SourceVersionDate "2023.10.10"]
[SourceQuality "1"]

1. d4 Nf6 2. c4 g6 3. Nc3 Bg7 4. e4 0-0 5. Nf3 d6 6. Be2 e5 7. Be3 Nc6 8. d5 Ne7 9. Nd2 Ne8 10. b4 f5 11. f3 f4 12. Bf2 g5 13. c5 Ng6 14. Nc4 h5 15. Rc1 g4 16. Kd2 Bh6 17. Kc2 g3 18. Be1 h4 19. h3 b6 20. cxd6 Nxd6 21. Nxd6 cxd6 22. Kb1 a6 23. Qb3 Bd7 24. b5 a5 25. Na4 Rb8 26. Bc3 Rf7 27. Bb2 Bf8 28. Ba3 Be8 29. Rc3 Ne7 30. Rhc1 Nc8 31. Rc6 Bxc6 32. dxc6 Kg7 33. Qxf7+ Kxf7 34. c7 Na7 35. cxd8Q Rxd8 36. Rc7+ 1-0

[Event "CRO-chT2 Qual 1B Liga"]
[Site "Slavonski Brod"]
[Date "2022.11.20"]
[Round "3.2"]
[White "Galic, Ivan"]
[Black "Jurakic, Lukas"]
[Result "1/2-1/2"]
[WhiteElo "2421"]
[BlackElo "2194"]
[PlyCount "50"]
[EventDate "2022.11.18"]
[EventType "team-tourn"]
[EventRounds "3"]
[EventCountry "CRO"]
[SourceTitle "EXT 2024"]
[Source "ChessBase"]
[SourceDate "2023.10.10"]
[SourceVersion "1"]
[SourceVersionDate "2023.10.10"]
[SourceQuality "1"]
[WhiteTeam "Dubrovnik"]
[BlackTeam "Slavonski Brod Djakovic"]
[WhiteTeamCountry "CRO"]
[BlackTeamCountry "CRO"]

1. Nf3 d5 2. g3 g6 3. Bg2 Bg7 4. d4 Nf6 5. c4 dxc4 6. Qa4+ Nbd7 7. 0-0 0-0 8. Qxc4 Nb6 9. Qc2 Bf5 10. Qd1 Qc8 11. Nbd2 c5 12. dxc5 Qxc5 13. Nb3 Qc4 14. Bf4 Bc2 15. Qe1 Bxb3 16. axb3 Qxb3 17. Nd2 Qxb2 18. Bxb7 Rad8 19. Rxa7 Nfd5 20. Bxd5 Nxd5 21. Nf3 Nxf4 22. gxf4 Bf6 23. e3 Rb8 24. Qa5 Rb7 25. Qa6 e5 1/2-1/2

[Event "CRO-chT2 Qual 1B Liga"]
[Site "Slavonski Brod"]
[Date "2022.11.18"]
[Round "1.2"]
[White "Jurakic, Lukas"]
[Black "Ramesa, Davor"]
[Result "1-0"]
[WhiteElo "2194"]
[BlackElo "2272"]
[PlyCount "123"]
[EventDate "2022.11.18"]
[EventType "team-tourn"]
[EventRounds "3"]
[EventCountry "CRO"]
[SourceTitle "EXT 2024"]
[Source "ChessBase"]
[SourceDate "2023.10.10"]
[SourceVersion "1"]
[SourceVersionDate "2023.10.10"]
[SourceQuality "1"]
[WhiteTeam "Slavonski Brod Djakovic"]
[BlackTeam "Rijeka ASK Junior"]
[WhiteTeamCountry "CRO"]
[BlackTeamCountry "CRO"]

1. e4 d6 2. d4 Nf6 3. Nc3 e5 4. Nf3 Nbd7 5. Bc4 Be7 6. 0-0 0-0 7. Re1 c6 8. a4 h6 9. h3 Re8 10. a5 Rb8 11. Be3 b5 12. axb6 axb6 13. dxe5 dxe5 14. Qe2 b5 15. Ba2 Qc7 16. Nh4 Nc5 17. Qf3 b4 18. Bxc5 Bxc5 19. Ne2 Be6 20. Nf5 Bxa2 21. Rxa2 Re6 22. Nc1 Bf8 23. b3 Nd7 24. Nd3 Nc5 25. Nb2 Rf6 26. Nc4 Ne6 27. Qe3 Rb5 28. Ra8 Kh7 29. Rea1 Bc5 30. Qg3 Rg6 31. Qh4 Nf4 32. Nce3 Rg5 33. Ng4 Be7 34. Re8 Ng6 35. Qg3 Rb8 36. Rxb8 Qxb8 37. Nxe7 Nxe7 38. Qe3 Qd6 39. Ra7 Rg6 40. Qe2 c5 41. Qc4 Re6 42. Ne3 Nc6 43. Rxf7 Nd4 44. Qd3 Rg6 45. Ng4 Qa6 46. Qxa6 Rxa6 47. Rc7 Ra1+ 48. Kh2 Rf1 49. Nf6+ Kg6 50. Ng4 Nxc2 51. Rxc5 Nd4 52. Nxe5+ Kh7 53. Rc4 Nxb3 54. Rxb4 Nd2 55. Kg3 Re1 56. f3 Re2 57. h4 h5 58. Nf7 Nf1+ 59. Kf4 Rxg2 60. Ne5 Kh6 61. Rb6+ g6 62. Rb7 1-0

[Event "EU-ch U18 30th"]
[Site "Antalya"]
[Date "2022.11.14"]
[Round "9"]
[White "Marn, Jan"]
[Black "Jurakic, Lukas"]
[Result "1/2-1/2"]
[WhiteElo "2365"]
[BlackElo "2194"]
[PlyCount "29"]
[EventDate "2022.11.06"]
[EventType "swiss"]
[EventRounds "9"]
[EventCountry "TUR"]
[SourceTitle "EXT 2024"]
[Source "ChessBase"]
[SourceDate "2023.10.10"]
[SourceVersion "1"]
[SourceVersionDate "2023.10.10"]
[SourceQuality "1"]

1. d4 Nf6 2. c4 e6 3. Nf3 Bb4+ 4. Bd2 Qe7 5. g3 Bxd2+ 6. Qxd2 Nc6 7. Nc3 d5 8. Bg2 dxc4 9. 0-0 0-0 10. Rad1 Rd8 11. e4 b5 12. a3 a6 13. e5 Nd5 14. Nh4 Nxc3 15. bxc3 1/2-1/2

[Event "EU-ch U18 30th"]
[Site "Antalya"]
[Date "2022.11.09"]
[Round "4"]
[White "Jurakic, Lukas"]
[Black "Girel, Joseph"]
[Result "0-1"]
[WhiteElo "2194"]
[BlackElo "2381"]
[PlyCount "30"]
[EventDate "2022.11.06"]
[EventType "swiss"]
[EventRounds "9"]
[EventCountry "TUR"]
[SourceTitle "EXT 2024"]
[Source "ChessBase"]
[SourceDate "2023.10.10"]
[SourceVersion "1"]
[SourceVersionDate "2023.10.10"]
[SourceQuality "1"]

1. e4 e5 2. Nf3 Nc6 3. Bb5 a6 4. Ba4 f5 5. d4 exd4 6. Nxd4 Nxd4 7. Qxd4 c5 8. Qe5+ Qe7 9. Qxe7+ Bxe7 10. c4 fxe4 11. Nc3 Nf6 12. Bg5 b5 13. cxb5 axb5 14. Bxb5 Bb7 15. 0-0-0 0-0-0 0-1

[Event "EU-ch U18 30th"]
[Site "Antalya"]
[Date "2022.11.06"]
[Round "1"]
[White "Bilych, Olexiy"]
[Black "Jurakic, Lukas"]
[Result "1-0"]
[WhiteElo "2429"]
[BlackElo "2194"]
[PlyCount "79"]
[EventDate "2022.11.06"]
[EventType "swiss"]
[EventRounds "9"]
[EventCountry "TUR"]
[SourceTitle "CBM 211 Extra"]
[Source "ChessBase"]
[SourceDate "2023.01.31"]
[SourceVersion "1"]
[SourceVersionDate "2023.01.31"]
[SourceQuality "1"]

1. d4 d5 2. c4 e6 3. Nc3 Nf6 4. cxd5 exd5 5. Bg5 c6 6. e3 Bd6 7. Bd3 0-0 8. Qc2 h6 9. Bh4 Re8 10. Nge2 Nbd7 11. h3 Nf8 12. 0-0-0 b5 13. g4 Bd7 14. Kb1 a5 15. Bg3 Bxg3 16. Nxg3 a4 17. Nf5 Qb8 18. Rhg1 c5 19. dxc5 b4 20. Ne2 Bxf5 21. Bxf5 g6 22. Bd3 Qe5 23. Bb5 Rec8 24. Bxa4 Ne4 25. f4 Qe7 26. c6 Nc5 27. Bb3 Nxb3 28. Qxb3 Rxc6 29. Rxd5 Rca6 30. Nc1 Qe4+ 31. Qd3 Qf3 32. f5 Qxh3 33. e4 Qh2 34. Qg3 Qxg3 35. Rxg3 Kg7 36. Rb3 Ra4 37. e5 gxf5 38. gxf5 h5 39. Rg3+ Kh7 40. e6 1-0

[Event "CRO-ch U17/19"]
[Site "Split"]
[Date "2022.07.27"]
[Round "4"]
[White "Jurakic, Lukas"]
[Black "Levacic, Matej"]
[Result "1-0"]
[WhiteElo "2265"]
[BlackElo "2015"]
[PlyCount "111"]
[EventDate "2022.07.25"]
[EventType "swiss"]
[EventRounds "9"]
[EventCountry "CRO"]
[SourceTitle "EXT 2023"]
[Source "ChessBase"]
[SourceDate "2022.10.05"]
[SourceVersion "1"]
[SourceVersionDate "2022.10.05"]
[SourceQuality "1"]

1. e4 c6 2. d4 d5 3. Nd2 dxe4 4. Nxe4 Bf5 5. Ng3 Bg6 6. h4 h6 7. Nf3 Nd7 8. h5 Bh7 9. Bd3 Bxd3 10. Qxd3 e6 11. Bd2 Ngf6 12. 0-0-0 Be7 13. Kb1 Qb6 14. Rhe1 0-0 15. Nf5 exf5 16. Rxe7 Qd8 17. Re2 Ne4 18. Be1 Re8 19. g3 Qe7 20. Re3 Rad8 21. Rc1 c5 22. Qa3 Nb6 23. Qxa7 cxd4 24. Rb3 Nc4 25. Rxb7 Qf6 26. a3 f4 27. g4 Re6 28. Rb3 Re7 29. Qa4 Qe6 30. Qb4 Ree8 31. Rd1 Nf6 32. Nxd4 Rxd4 33. Rxd4 Qxe1+ 34. Qxe1 Rxe1+ 35. Ka2 Ne5 36. Rxf4 Nexg4 37. Rd3 Re5 38. f3 Nf2 39. Rd2 Nh3 40. Rfd4 Ng1 41. R4d3 Ne2 42. Rd8+ Kh7 43. b4 Nxh5 44. c4 Nhf4 45. c5 Re6 46. R8d6 h5 47. Rxe6 fxe6 48. c6 Nc3+ 49. Kb3 Ncd5 50. b5 h4 51. a4 h3 52. a5 Ng2 53. Rd1 Kg6 54. b6 Nge3 55. Rh1 Kf7 56. b7 1-0

[Event "CRO-ch U17/19"]
[Site "Split"]
[Date "2022.07.25"]
[Round "1"]
[White "Jurakic, Lukas"]
[Black "Topalic, Fran"]
[Result "1-0"]
[WhiteElo "2265"]
[BlackElo "1904"]
[PlyCount "57"]
[EventDate "2022.07.25"]
[EventType "swiss"]
[EventRounds "9"]
[EventCountry "CRO"]
[SourceTitle "EXT 2023"]
[Source "ChessBase"]
[SourceDate "2022.10.05"]
[SourceVersion "1"]
[SourceVersionDate "2022.10.05"]
[SourceQuality "1"]

1. e4 c6 2. d4 d5 3. f3 dxe4 4. fxe4 e5 5. Nf3 Bg4 6. c3 Nf6 7. Bc4 Nbd7 8. Qb3 Qe7 9. Ng5 Bh5 10. Qxb7 Rb8 11. Qxc6 h6 12. Nf3 exd4 13. Nxd4 Qxe4+ 14. Qxe4+ Nxe4 15. 0-0 Bc5 16. Re1 Bg6 17. Nd2 f5 18. g4 Ndf6 19. gxf5 Bxf5 20. N2b3 Bb6 21. Be3 Bg6 22. Nc6 Rc8 23. Ne5 Bxe3+ 24. Rxe3 Rxc4 25. Nxg6 Rg8 26. Nd2 Ra4 27. b3 Ra5 28. Nxe4 Kf7 29. Nf4 1-0

[Event "Pula op 34th"]
[Site "Pula"]
[Date "2022.06.24"]
[Round "8"]
[White "Ragger, Anna Christina"]
[Black "Jurakic, Lukas"]
[Result "1/2-1/2"]
[WhiteElo "2139"]
[BlackElo "2232"]
[PlyCount "143"]
[EventDate "2022.06.18"]
[EventType "swiss"]
[EventRounds "9"]
[EventCountry "CRO"]
[SourceTitle "CBM 209 Extra"]
[Source "ChessBase"]
[SourceDate "2022.09.30"]
[SourceVersion "1"]
[SourceVersionDate "2022.09.30"]
[SourceQuality "1"]

1. d4 Nf6 2. Bf4 e6 3. e3 d5 4. Nd2 Bd6 5. Bg3 0-0 6. Bd3 c5 7. c3 Qc7 8. Bxd6 Qxd6 9. f4 b6 10. Ngf3 cxd4 11. cxd4 Ba6 12. Bxa6 Nxa6 13. a3 Rfc8 14. 0-0 Nc7 15. Rc1 Nce8 16. Qa4 Qd7 17. Qxd7 Nxd7 18. Ne5 Ndf6 19. Nc6 Kf8 20. Rc3 Nd6 21. Rfc1 Nfe4 22. Nxe4 Nxe4 23. R3c2 Nd6 24. Kf2 Ke8 25. a4 f6 26. Nb4 Kd7 27. g4 a5 28. Nd3 Rxc2+ 29. Rxc2 Rb8 30. Kf3 Ne4 31. f5 exf5 32. gxf5 Kd6 33. b4 axb4 34. Nxb4 Ng5+ 35. Kf4 Re8 36. Rc3 h5 37. Rc6+ Kd7 38. Rxb6 Re4+ 39. Kg3 Rxe3+ 40. Kf2 Ra3 41. Nxd5 Rxa4 42. Nf4 Rxd4 43. Nxh5 Rh4 44. Nxg7 Rxh2+ 45. Kg3 Ra2 46. Kg4 Ke7 47. Kh5 Ne4 48. Rb7+ Kf8 49. Ne6+ Ke8 50. Rb8+ Ke7 51. Nf4 Ra1 52. Rb7+ Ke8 53. Rb4 Rh1+ 54. Kg6 Rg1+ 55. Kh6 Nd6 56. Rb8+ Kf7 57. Kh5 Rg5+ 58. Kh4 Rxf5 59. Kg4 Ra5 60. Rb3 Ra7 61. Rd3 Nc4 62. Rh3 Ra5 63. Rh7+ Kg8 64. Rc7 Ra4 65. Kf5 Ne3+ 66. Kg6 Kf8 67. Ne6+ Ke8 68. Ng7+ Kd8 69. Ne6+ Ke8 70. Ng7+ Kd8 71. Ne6+ Ke8 72. Ng7+ 1/2-1/2

[Event "Pula op 34th"]
[Site "Pula"]
[Date "2022.06.22"]
[Round "6"]
[White "Stankovic, Boris"]
[Black "Jurakic, Lukas"]
[Result "1-0"]
[WhiteElo "2283"]
[BlackElo "2232"]
[PlyCount "147"]
[EventDate "2022.06.18"]
[EventType "swiss"]
[EventRounds "9"]
[EventCountry "CRO"]
[SourceTitle "CBM 209 Extra"]
[Source "ChessBase"]
[SourceDate "2022.09.30"]
[SourceVersion "1"]
[SourceVersionDate "2022.09.30"]
[SourceQuality "1"]

1. e4 c5 2. Nf3 d6 3. d4 cxd4 4. Nxd4 Nf6 5. Nc3 a6 6. Bg5 Nbd7 7. f4 Qc7 8. Qf3 h6 9. Bh4 g5 10. fxg5 hxg5 11. Bxg5 Qc5 12. Nf5 e6 13. Bxf6 Nxf6 14. Ng3 Nd7 15. 0-0-0 Ne5 16. Qe2 b5 17. Kb1 b4 18. Na4 Qa5 19. b3 Bd7 20. Nb2 Ke7 21. Qd2 Kd8 22. Ne2 Rc8 23. Nc1 Rc3 24. Qd4 Rg8 25. Ncd3 Nc6 26. Qf2 Ke8 27. Be2 Qg5 28. Rhf1 Nd8 29. g4 a5 30. h4 Qb5 31. Nf4 Qc6 32. Nh5 Be7 33. Nc4 Rg6 34. Bd3 e5 35. g5 Bg4 36. Be2 Bxe2 37. Qxe2 Qc5 38. Rd5 Qc7 39. Qf2 a4 40. Qf5 Rxc4 41. bxc4 Qxc4 42. Qf3 Rg8 43. Ng3 Kd7 44. Qd3 Qxd3 45. Rxd3 Ke6 46. Nf5 Nc6 47. Nxd6 Bxd6 48. Rf6+ Ke7 49. Rfxd6 Nd4 50. R6xd4 exd4 51. Rxd4 Rb8 52. Kb2 Ke6 53. h5 Ke5 54. Rd7 Kf4 55. Rxf7+ Kxg5 56. Rf5+ Kh6 57. Ra5 Re8 58. Rxa4 Rxe4 59. Kb3 Kxh5 60. Rxb4 Re3+ 61. c3 Kg5 62. a4 Kf6 63. a5 Re8 64. a6 Ke5 65. Kc4 Kd6 66. a7 Ra8 67. Ra4 Kc6 68. Ra6+ Kb7 69. Kb5 Kc7 70. c4 Kb7 71. c5 Kc7 72. Rh6 Kb7 73. Rh7+ Kc8 74. Kc6 1-0

[Event "Pula op 34th"]
[Site "Pula"]
[Date "2022.06.20"]
[Round "3"]
[White "Jurakic, Lukas"]
[Black "Fercec, Nenad"]
[Result "0-1"]
[WhiteElo "2232"]
[BlackElo "2416"]
[PlyCount "116"]
[EventDate "2022.06.18"]
[EventType "swiss"]
[EventRounds "9"]
[EventCountry "CRO"]
[SourceTitle "CBM 209 Extra"]
[Source "ChessBase"]
[SourceDate "2022.09.30"]
[SourceVersion "1"]
[SourceVersionDate "2022.09.30"]
[SourceQuality "1"]

1. e4 c5 2. Nf3 d6 3. d4 cxd4 4. Nxd4 Nf6 5. Nc3 a6 6. Bg5 Nbd7 7. f4 Qa5 8. Qe2 e5 9. Nb3 Qc7 10. 0-0-0 b5 11. fxe5 dxe5 12. g3 Be7 13. h4 Nb6 14. Bg2 Bg4 15. Bf3 Bxf3 16. Qxf3 Rc8 17. Rh2 0-0 18. Bxf6 Bxf6 19. Nd5 Nxd5 20. Rxd5 Rfd8 21. Rxd8+ Rxd8 22. Rd2 Rxd2 23. Kxd2 Be7 24. Qd3 Qb6 25. Qe3 Qc6 26. c3 g6 27. Nc1 b4 28. Qd3 bxc3+ 29. bxc3 Qb6 30. Ne2 Qb2+ 31. Qc2 Qb7 32. Qa4 Kg7 33. Qc4 Qb2+ 34. Ke3 Qb6+ 35. Kf3 Bc5 36. Kg2 Be3 37. Qd3 h5 38. Kf3 Bc5 39. Kg2 Qf6 40. Qf3 Qe6 41. Nc1 Ba7 42. Qe2 Qc6 43. c4 Qc5 44. Nb3 Qg1+ 45. Kf3 a5 46. Nd2 Qh1+ 47. Qg2 Qa1 48. Qe2 Qxa2 49. Qd3 Qa1 50. Ke2 Bd4 51. Nb3 Qb2+ 52. Kd1 a4 53. Nxd4 Qxd4 54. Kc2 Qxd3+ 55. Kxd3 a3 56. Kc3 f5 57. c5 Kf7 58. Kb3 fxe4 0-1

[Event "Solta op 4th"]
[Site "Grohote"]
[Date "2021.08.09"]
[Round "2"]
[White "Jurakic, Lukas"]
[Black "De Strycker, Nathan"]
[Result "0-1"]
[WhiteElo "2116"]
[BlackElo "2297"]
[PlyCount "47"]
[EventDate "2021.08.08"]
[EventType "swiss"]
[EventRounds "9"]
[EventCountry "CRO"]
[SourceTitle "CBM 203 Extra"]
[Source "ChessBase"]
[SourceDate "2021.09.30"]
[SourceVersion "1"]
[SourceVersionDate "2021.09.30"]
[SourceQuality "1"]

1. e4 e5 2. Nf3 Nc6 3. Bb5 a6 4. Ba4 d6 5. c3 Bd7 6. 0-0 g6 7. d4 Bg7 8. d5 Nce7 9. Bxd7+ Qxd7 10. Qb3 Rb8 11. Be3 Nf6 12. Nfd2 Ng4 13. Ba7 Ra8 14. Qxb7 0-0 15. a4 f5 16. f3 Nf6 17. a5 Bh6 18. h3 Bf4 19. Re1 g5 20. exf5 Nxf5 21. b4 Ne7 22. Ne4 Nxe4 23. Rxe4 h5 24. Rc4 0-1

[Event "CRO-ch U17"]
[Site "Split"]
[Date "2021.07.28"]
[Round "5"]
[White "Jurakic, Lukas"]
[Black "Ljubicic, Mario"]
[Result "1-0"]
[WhiteElo "2078"]
[BlackElo "1948"]
[PlyCount "65"]
[EventDate "2021.07.25"]
[EventType "swiss"]
[EventRounds "9"]
[EventCountry "CRO"]
[SourceTitle "EXT 2022"]
[Source "ChessBase"]
[SourceDate "2021.10.06"]
[SourceVersion "1"]
[SourceVersionDate "2021.10.06"]
[SourceQuality "1"]

1. e4 Nc6 2. d4 d5 3. e5 Bf5 4. c3 e6 5. Nf3 Nb8 6. Qb3 b6 7. c4 Be4 8. Nc3 dxc4 9. Bxc4 Bxf3 10. gxf3 c6 11. d5 cxd5 12. Nxd5 Nd7 13. Rg1 h6 14. Be3 Rc8 15. Nc3 Ne7 16. Rd1 Nc6 17. Ba6 Rb8 18. Bb5 Qc7 19. Rg4 Rc8 20. Ba6 Rb8 21. Nb5 Qd8 22. Qc2 Ncxe5 23. Re4 Qf6 24. f4 Bc5 25. fxe5 Qf3 26. Bxc5 Nxc5 27. Re3 Qh1+ 28. Ke2 Qxh2 29. Nd6+ Ke7 30. Bc4 h5 31. b4 Nd7 32. Nxf7 Rhf8 33. Qg6 1-0

[Event "CRO-ch U17"]
[Site "Split"]
[Date "2021.07.27"]
[Round "4"]
[White "Bunic, Emanuel"]
[Black "Jurakic, Lukas"]
[Result "0-1"]
[WhiteElo "1859"]
[BlackElo "2078"]
[PlyCount "132"]
[EventDate "2021.07.25"]
[EventType "swiss"]
[EventRounds "9"]
[EventCountry "CRO"]
[SourceTitle "EXT 2022"]
[Source "ChessBase"]
[SourceDate "2021.10.06"]
[SourceVersion "1"]
[SourceVersionDate "2021.10.06"]
[SourceQuality "1"]

1. d4 Nf6 2. c4 e6 3. Nc3 Bb4 4. e3 0-0 5. Bd3 d5 6. Nf3 c5 7. 0-0 cxd4 8. exd4 dxc4 9. Bxc4 b6 10. Bg5 Bb7 11. Qe2 Nbd7 12. Rac1 Qb8 13. a3 Bd6 14. h3 a6 15. Bd3 Bf4 16. Bxf4 Qxf4 17. Qe3 Qb8 18. Rc2 Ra7 19. Rfc1 Qa8 20. Ng5 Rd8 21. f3 Qb8 22. Nge4 Ba8 23. Nb1 Nd5 24. Qg5 Nf8 25. Nbd2 f6 26. Qg3 Nf4 27. Bf1 f5 28. Nc3 Rxd4 29. Kh2 N8g6 30. Nd5 Bxd5 31. Rc8+ Qxc8 32. Rxc8+ Kf7 33. Nc4 Bxc4 34. Rxc4 Rd1 35. Qf2 Rad7 36. Rc2 b5 37. g3 Nh5 38. f4 Nf6 39. Bg2 Ne7 40. Qb6 R1d6 41. Qe3 Rd3 42. Qb6 Ne4 43. Bxe4 fxe4 44. Re2 R7d4 45. Kg2 Nd5 46. Qa5 e3 47. Qe1 Rd1 48. Qa5 R4d2 49. Kf3 Rf1+ 50. Kg2 Rf2+ 51. Rxf2 Rxf2+ 52. Kg1 Rxb2 53. Kf1 Kg6 54. Qd8 Rf2+ 55. Ke1 Kf5 56. Qd6 Ke4 57. Qxe6+ Kd4 58. Qe5+ Kc4 59. Qe4+ Kc5 60. Qxh7 a5 61. Qd3 Rd2 62. Qe4 b4 63. axb4+ axb4 64. f5 b3 65. Qb1 b2 66. Qe4 Rd1+ 0-1

[Event "Skalica Masters op"]
[Site "Skalica"]
[Date "2020.08.30"]
[Round "9"]
[White "Jurakic, Lukas"]
[Black "Pniaczek, Marek"]
[Result "1/2-1/2"]
[WhiteElo "2023"]
[BlackElo "2145"]
[PlyCount "68"]
[EventDate "2020.08.23"]
[EventType "swiss"]
[EventRounds "9"]
[EventCountry "SVK"]
[SourceTitle "CBM 198 Extra"]
[Source "ChessBase"]
[SourceDate "2020.11.30"]
[SourceVersion "1"]
[SourceVersionDate "2020.11.30"]
[SourceQuality "1"]

1. e4 e5 2. Nf3 Nc6 3. Bb5 a6 4. Ba4 g6 5. Nc3 Bg7 6. 0-0 Nge7 7. Nd5 b5 8. Bb3 Na5 9. d4 Nxd5 10. exd5 Nxb3 11. axb3 e4 12. Ng5 f5 13. f3 h6 14. Nh3 0-0 15. fxe4 fxe4 16. Rxf8+ Qxf8 17. Be3 d6 18. Nf4 Qf7 19. c4 Rb8 20. Qd2 bxc4 21. bxc4 Rb3 22. Ra3 Rxa3 23. bxa3 Bg4 24. h3 g5 25. Ne2 Bxe2 26. Qxe2 Qd7 27. Qc2 g4 28. Qxe4 gxh3 29. g4 Qa4 30. Qe6+ Kh7 31. Qf5+ Kh8 32. Qc8+ Kh7 33. Qf5+ Kh8 34. Qc8+ Kh7 1/2-1/2

[Event "Skalica Rapid op"]
[Site "Skalica"]
[Date "2020.08.29"]
[Round "6"]
[White "Petran, Peter"]
[Black "Jurakic, Lukas"]
[Result "1/2-1/2"]
[WhiteElo "2219"]
[BlackElo "1918"]
[PlyCount "96"]
[EventDate "2020.08.29"]
[EventType "swiss (rapid)"]
[EventRounds "7"]
[EventCountry "SVK"]
[SourceTitle "CBM 198 Extra"]
[Source "ChessBase"]
[SourceDate "2020.11.30"]
[SourceVersion "1"]
[SourceVersionDate "2020.11.30"]
[SourceQuality "1"]

1. g3 d5 2. Nf3 g6 3. Bg2 Bg7 4. 0-0 e5 5. c4 Ne7 6. cxd5 Nxd5 7. Nc3 Ne7 8. b4 a6 9. a3 0-0 10. Bb2 Nbc6 11. Rc1 h6 12. d3 Nf5 13. Ne4 Ncd4 14. Nfd2 Ne6 15. Nc4 Nfd4 16. e3 Nc6 17. Qb3 Kh7 18. f4 f5 19. Nf2 exf4 20. Bxg7 Nxg7 21. gxf4 Qf6 22. Qc3 Ne7 23. Qxf6 Rxf6 24. Ne5 c6 25. a4 Be6 26. Rc5 Bb3 27. Ra1 Bd5 28. Bf1 Rd8 29. b5 axb5 30. axb5 Ne6 31. Rc2 cxb5 32. Rb2 g5 33. fxg5 Nxg5 34. h4 Nf3+ 35. Nxf3 Bxf3 36. Rxb5 Rg8+ 37. Kh2 Rfg6 38. e4 fxe4 39. Nxe4 Nc6 40. Rxb7+ Kh8 41. Bh3 Bxe4 42. dxe4 Ne5 43. Rb3 Ng4+ 44. Bxg4 Rxg4 45. Re1 Rxh4+ 46. Rh3 Rxh3+ 47. Kxh3 Kg7 48. Kh4 Kf6 1/2-1/2

[Event "CRO-ch U17"]
[Site "Vinkovci"]
[Date "2020.07.28"]
[Round "1"]
[White "Neferanovic, Ivan"]
[Black "Jurakic, Lukas"]
[Result "0-1"]
[WhiteElo "1551"]
[BlackElo "2023"]
[PlyCount "60"]
[EventDate "2020.07.28"]
[EventType "swiss"]
[EventRounds "9"]
[EventCountry "CRO"]
[SourceTitle "EXT 2021"]
[Source "ChessBase"]
[SourceDate "2020.10.23"]
[SourceVersion "1"]
[SourceVersionDate "2020.10.23"]
[SourceQuality "1"]

1. e4 e5 2. Nf3 Nc6 3. Nc3 Nf6 4. d4 exd4 5. Nxd4 Bb4 6. Nxc6 bxc6 7. Bd3 d5 8. exd5 cxd5 9. 0-0 0-0 10. Bg5 c6 11. Qf3 Bd6 12. h3 Rb8 13. Rab1 Re8 14. Bf4 Rb4 15. Bxd6 Qxd6 16. Qg3 Qd8 17. a3 Rb7 18. f3 Rbe7 19. Rfe1 Qb6+ 20. Kf1 Rxe1+ 21. Rxe1 Qxb2 22. Rxe8+ Nxe8 23. Qe5 Kf8 24. a4 h6 25. Qd4 Qb6 26. Qf4 Ba6 27. Ke2 Bxd3+ 28. Kxd3 Qf2 29. g4 Qf1+ 30. Ke3 Qc1+ 0-1

[Event "CRO-ch U17/U19"]
[Site "Vinkovci"]
[Date "2019.07.25"]
[Round "6"]
[White "Jurakic, Lukas"]
[Black "Cotic, Borna"]
[Result "1/2-1/2"]
[WhiteElo "1990"]
[BlackElo "2100"]
[PlyCount "55"]
[EventDate "2019.07.22"]
[EventType "swiss"]
[EventRounds "9"]
[EventCountry "CRO"]
[SourceTitle "EXT 2020"]
[Source "ChessBase"]
[SourceDate "2019.10.17"]
[SourceVersion "1"]
[SourceVersionDate "2019.10.17"]
[SourceQuality "1"]

1. e4 c5 2. Nf3 e6 3. d4 cxd4 4. Nxd4 Nc6 5. Nc3 Qc7 6. Be3 a6 7. Qd2 Nf6 8. 0-0-0 Be7 9. f3 b5 10. g4 Nxd4 11. Qxd4 Bb7 12. g5 Nh5 13. Bh3 Rc8 14. Bg4 b4 15. Bxh5 e5 16. Qxd7+ Qxd7 17. Bxf7+ Kxf7 18. Rxd7 Bc6 19. Rxe7+ Kxe7 20. Bc5+ Ke6 21. Bxb4 h6 22. Rg1 hxg5 23. Rxg5 Rxh2 24. Rxg7 Rh1+ 25. Kd2 Rh2+ 26. Kc1 Rh1+ 27. Kd2 Rh2+ 28. Kc1 1/2-1/2